000 00315nam a22001337a 4500
008 250303b |||||||| |||| 00| 0 eng d
020 _a9781784974336
050 _aTL873
_b.P68
100 _aPotter Christopher
245 _aThe Earth Gazers
260 _aUK
_bHead of Zeus Ltd
_c2017
300 _a456p
942 _cBK
999 _c2051
_d2051